St Aloysius College Teachers Cooperative Credit Society Ltd Mangalore 575003 (Record no. 241486)

MARC details
000 -LEADER
fixed length control field 00573nam a22001937a 4500
003 - CONTROL NUMBER IDENTIFIER
control field OSt
005 - DATE AND TIME OF LATEST TRANSACTION
control field 20260522093636.0
008 - FIXED-LENGTH DATA ELEMENTS--GENERAL INFORMATION
fixed length control field 260522b |||||||| |||| 00| 0 eng d
040 ## - CATALOGING SOURCE
Transcribing agency AL
041 ## - LANGUAGE CODE
Language code of text/sound track or separate title eng
082 ## - DEWEY DECIMAL CLASSIFICATION NUMBER
Classification number 334.22
Item number SACS
100 ## - MAIN ENTRY--PERSONAL NAME
Personal name SACTCC Society
100 ## - MAIN ENTRY--PERSONAL NAME
9 (RLIN) 264276
245 ## - TITLE STATEMENT
Title St Aloysius College Teachers Cooperative Credit Society Ltd Mangalore 575003
Remainder of title : Golden Jubliee Souvenir
260 ## - PUBLICATION, DISTRIBUTION, ETC.
Place of publication, distribution, etc. Mangalore
Name of publisher, distributor, etc. SACTCC Society Ltd
Date of publication, distribution, etc. 2026
300 ## - PHYSICAL DESCRIPTION
Extent 70p
Other physical details PB
Dimensions 24x18cm
365 ## - TRADE PRICE
Source of price type code Commerce
650 ## - SUBJECT ADDED ENTRY--TOPICAL TERM
Topical term or geographic name entry element Celebrating 50 years 1976-2026
9 (RLIN) 264277
942 ## - ADDED ENTRY ELEMENTS (KOHA)
Source of classification or shelving scheme Dewey Decimal Classification
Koha item type Donated Books
Holdings
Withdrawn status Lost status Source of classification or shelving scheme Damaged status Not for loan Collection code Home library Current library Shelving location Date acquired Total Checkouts Full call number Barcode Date last seen Price effective from Koha item type
    Dewey Decimal Classification     Commerce St Aloysius Library St Aloysius Library Stack Section 03/05/2026   334.22 SACS D06419 05/22/2026 05/22/2026 Donated Books
    Dewey Decimal Classification     Commerce St Aloysius Library St Aloysius Library Stack Section 03/05/2026   334.22 SACS D06420 05/22/2026 05/22/2026 Donated Books